[Event "FRA-chT2 East 0607"]
[Site "France"]
[Date "2007.03.31"]
[Round "10.5"]
[White "Kuhn, Christian"]
[Black "Rehm, Bernard"]
[Result "0-1"]
[WhiteElo "2050"]
[BlackElo "2076"]
[PlyCount "106"]
[EventDate "2006.10.15"]
[EventType "team-tourn"]
[EventRounds "11"]
[EventCountry "FRA"]
[SourceTitle "EXT 2008"]
[Source "ChessBase"]
[SourceDate "2007.11.25"]
[SourceVersion "1"]
[SourceVersionDate "2007.11.25"]
[SourceQuality "1"]
[WhiteTeam "Sarreguemines"]
[BlackTeam "Selestat"]
[WhiteTeamCountry "FRA"]
[BlackTeamCountry "FRA"]

1. e4 e6 2. d4 d5 3. e5 c5 4. c3 Qb6 5. Nf3 Bd7 6. Bd3 cxd4 7. Qe2 Nc6 8. Nxd4 Nxd4 9. cxd4 Ne7 10. Nc3 Nc6 11. 0-0 Qxd4 12. Be3 Qxe5 13. f4 Qf6 14. f5 0-0-0 15. Rac1 Kb8 16. Bf4+ e5 17. Nxd5 Qd6 18. Rxc6 Qxd5 19. Be4 Qa5 20. Bd2 Bb4 21. Bxb4 Qxb4 22. Rc3 Bb5 23. Qe1 Qd4+ 24. Rf2 Qd1 25. Rc1 Qxe1+ 26. Rxe1 f6 27. Rf3 Rd6 28. Rb3 Bc6 29. Bxc6 Rxc6 30. Rd1 Rhc8 31. Kf2 b6 32. a4 Kb7 33. a5 R8c7 34. Ra1 Rc4 35. a6+ Kc8 36. Raa3 R7c5 37. Rg3 Rd5 38. Ke3 b5 39. Rd3 Rxd3+ 40. Kxd3 Rc7 41. Rg4 Rd7+ 42. Kc2 Kc7 43. Rg3 Kb6 44. Ra3 e4 45. Re3 Re7 46. Kc3 Kxa6 47. Kd4 Kb6 48. g4 a5 49. Kd5 a4 50. Kd6 Re5 51. h4 h6 52. g5 hxg5 53. hxg5 Ka5 0-1

[Event "Selestat op-A 13th"]
[Site "Selestat"]
[Date "2006.02.??"]
[Round "1"]
[White "Blum, Pierre1"]
[Black "Rehm, Bernard"]
[Result "0-1"]
[WhiteElo "1834"]
[BlackElo "2091"]
[PlyCount "45"]
[EventDate "2006.02.23"]
[EventType "swiss"]
[EventRounds "7"]
[EventCountry "FRA"]
[SourceTitle "CBM 111 Extra"]
[Source "ChessBase"]
[SourceDate "2006.05.09"]
[SourceVersion "1"]
[SourceVersionDate "2006.05.09"]
[SourceQuality "1"]

1. e4 e6 2. d4 d5 3. Nc3 Bb4 4. Nge2 dxe4 5. a3 Be7 6. Nxe4 Nd7 7. Bf4 Ngf6 8. N2c3 0-0 9. Bd3 b6 10. Qf3 Rb8 11. Nb5 Nd5 12. Nxa7 Bb7 13. c4 Nxf4 14. Qxf4 c6 15. Nd6 Bxd6 16. Qxd6 Nf6 17. Qb4 Ra8 18. Nxc6 Bxc6 19. 0-0-0 Qc7 20. f3 Ba4 21. Rde1 Qf4+ 22. Kb1 Qxd4 23. b3 0-1

[Event "FRA-chT2 0405"]
[Site "France"]
[Date "2004.11.06"]
[Round "2.4"]
[White "Robert, Didier"]
[Black "Rehm, Bernard"]
[Result "0-1"]
[WhiteElo "2179"]
[BlackElo "2089"]
[PlyCount "84"]
[EventDate "2004.10.10"]
[EventType "team-tourn"]
[EventRounds "11"]
[EventCountry "FRA"]
[SourceTitle "EXT 2006"]
[Source "ChessBase"]
[SourceDate "2005.11.24"]
[SourceVersion "1"]
[SourceVersionDate "2005.11.24"]
[SourceQuality "1"]

1. d4 e6 2. c4 f5 3. g3 Nf6 4. Bg2 Be7 5. Nc3 0-0 6. Nf3 d6 7. 0-0 Qe8 8. Re1 Qg6 9. e4 fxe4 10. Nh4 Qf7 11. Qe2 Nc6 12. Be3 e5 13. d5 Nd4 14. Bxd4 exd4 15. Nxe4 Nxe4 16. Bxe4 Bxh4 17. gxh4 Qf4 18. Rad1 Qxh4 19. Rxd4 Bd7 20. Rd3 Rae8 21. Rg3 Bf5 22. f3 Bxe4 23. fxe4 Rf4 24. Qg2 Qf6 25. b3 Qd4+ 26. Kh1 Rexe4 27. Rxe4 Qd1+ 28. Qg1 Qxg1+ 29. Kxg1 Rxe4 30. Kf2 g6 31. Kf3 Re1 32. Rg2 Kg7 33. Rf2 Re5 34. Kg3 a5 35. Rf3 Re4 36. a4 g5 37. h3 h5 38. Rd3 Kf6 39. Rf3+ Kg6 40. Kg2 Re2+ 41. Kf1 Re7 42. Kf2 Rf7 0-1

[Event "Oberliga Baden 0304 "]
[Site "Germany"]
[Date "2004.02.15"]
[Round "6.7"]
[White "Rehm, Bernard"]
[Black "Eidinger, Helmut"]
[Result "1/2-1/2"]
[WhiteElo "2111"]
[BlackElo "2145"]
[PlyCount "118"]
[EventDate "2003.10.12"]
[EventType "team-tourn"]
[EventRounds "9"]
[EventCountry "GER"]
[SourceTitle "EXT 2006"]
[Source "ChessBase"]
[SourceDate "2005.11.24"]
[SourceVersion "1"]
[SourceVersionDate "2005.11.24"]
[SourceQuality "1"]
[WhiteTeam "Freiburg"]
[BlackTeam "Waldshut Tiengen"]
[WhiteTeamCountry "GER"]
[BlackTeamCountry "GER"]

1. Nf3 c5 2. c4 Nc6 3. g3 g6 4. Bg2 Bg7 5. Nc3 e5 6. d3 Nge7 7. 0-0 0-0 8. a3 d6 9. Bg5 h6 10. Bxe7 Nxe7 11. Rb1 a5 12. Ne1 Nc6 13. Nc2 Be6 14. b4 axb4 15. axb4 cxb4 16. Nxb4 Qa5 17. Ncd5 Nxb4 18. Rxb4 Bxd5 19. Rb5 Bxg2 20. Rxa5 Bxf1 21. Rxa8 Rxa8 22. Kxf1 e4 23. Kg2 exd3 24. Qxd3 Bf8 25. Qd5 Ra2 26. e3 Rb2 27. h4 h5 28. Qd4 Rc2 29. Qd5 Rb2 30. g4 hxg4 31. h5 gxh5 32. Qxh5 Bg7 33. Qxg4 b5 34. Qc8+ Bf8 35. Qg4+ Bg7 36. cxb5 Rxb5 37. Qc4 Rg5+ 38. Kf1 Rg6 39. Qd5 Re6 40. Qf5 Bf8 41. Qg5+ Bg7 42. Qb5 Bf8 43. Qc4 Bg7 44. Ke2 Bf8 45. Kd3 Bg7 46. Qg4 Rg6 47. Qd7 Re6 48. f4 Bf8 49. e4 Rf6 50. f5 Rh6 51. Kc4 Rh1 52. Qd8 Rc1+ 53. Kd3 Rc5 54. Qg5+ Bg7 55. Qg2 Kf8 56. Qh2 Be5 57. Qh4 f6 58. Qh7 Rc3+ 59. Kd2 Rg3 1/2-1/2

[Event "GER-FRA mT"]
[Site "Elsass"]
[Date "2004.??.??"]
[Round "?"]
[White "Rehm, Bernard"]
[Black "Scheynin, Julia"]
[Result "1/2-1/2"]
[WhiteElo "2085"]
[BlackElo "2040"]
[PlyCount "37"]
[EventDate "2004.07.??"]
[EventType "match"]
[EventRounds "1"]
[EventCountry "GER"]
[SourceTitle "EXT 2007"]
[Source "ChessBase"]
[SourceDate "2006.11.23"]
[SourceVersion "1"]
[SourceVersionDate "2006.11.23"]
[SourceQuality "1"]

1. Nf3 d5 2. c4 e6 3. g3 Nf6 4. Bg2 c6 5. b3 Nbd7 6. Bb2 Bd6 7. 0-0 e5 8. d3 0-0 9. Nbd2 Qe7 10. cxd5 cxd5 11. e4 d4 12. a4 Bb4 13. Nc4 Ne8 14. Bh3 Nd6 15. Ne1 Nxc4 16. bxc4 Nc5 17. Bxc8 Rfxc8 18. Nc2 a5 19. f4 1/2-1/2

[Event "Basel Hilton op 02nd"]
[Site "Basel"]
[Date "2000.??.??"]
[Round "3"]
[White "Rehm, Bernard"]
[Black "Rozic, Vesna"]
[Result "1/2-1/2"]
[WhiteElo "2060"]
[BlackElo "1600"]
[PlyCount "177"]
[EventDate "2000.01.01"]
[EventType "swiss"]
[EventRounds "7"]
[EventCountry "SUI"]
[SourceTitle "CBM 074 Extra"]
[Source "ChessBase"]
[SourceDate "2000.03.10"]
[SourceVersion "2"]
[SourceVersionDate "2000.03.10"]
[SourceQuality "1"]

1. Nf3 e6 2. c4 d5 3. g3 Nf6 4. Bg2 c6 5. b3 Bd6 6. Bb2 Nbd7 7. 0-0 0-0 8. d3 Qe7 9. Nbd2 Bc7 10. e4 dxe4 11. Nxe4 Nxe4 12. dxe4 e5 13. Qc2 Nf6 14. Rad1 Bg4 15. Rd2 Rad8 16. Rfd1 Rxd2 17. Rxd2 Bxf3 18. Bxf3 Rd8 19. Kf1 Rxd2 20. Qxd2 Qd6 21. Ke2 Kf8 22. Bc3 Qxd2+ 23. Kxd2 Ke7 24. Kd3 Kd6 25. Be2 Nd7 26. b4 b6 27. Bg4 Nf8 28. f4 f6 29. Bf5 g6 30. Bc8 Ne6 31. fxe5+ fxe5 32. Bxe6 Kxe6 33. a4 a6 34. b5 cxb5 35. cxb5 axb5 36. axb5 Bd6 37. g4 Bc5 38. Bd2 Be7 39. Be3 Bd8 40. Kc4 Bc7 41. Bg5 Bd6 42. Be3 Bc7 43. Bg5 Bd6 44. Bd8 Bc5 45. Kd3 Bd4 46. Bg5 Kd6 47. Kc4 Ke6 48. Bh6 Bg1 49. h3 Bc5 50. Kd3 Bd4 51. Ke2 Bc5 52. Kf3 Bd4 53. h4 Bc5 54. h5 Bd4 55. Kg3 Kf7 56. Bd2 Kf6 57. Bc1 Kf7 58. Kh4 Kf6 59. Kg3 Kf7 60. Ba3 Kf6 61. hxg6 hxg6 62. Bd6 Ke6 63. Bb8 Kf6 64. Bc7 Kf7 65. Kh4 Bf2+ 66. Kg5 Be3+ 67. Kh4 Bf2+ 68. Kh3 Bd4 69. Kg2 Ke6 70. Kg3 Kf7 71. Kf3 Ke6 72. Kg3 Kf7 73. Bd8 Bc5 74. Bg5 Bd4 75. Bd2 Kf6 76. Bc1 Kf7 77. Kf3 Ke6 78. Ke2 Kd6 79. Ba3+ Ke6 80. Kd3 Bg1 81. Bc1 Bd4 82. Bh6 Bc5 83. Kc4 Bd4 84. Bg5 Bc5 85. Bd8 Bg1 86. Bg5 Bc5 87. Bd8 Bg1 88. Bg5 Bc5 89. Bd8 1/2-1/2